Deutsche Abkürzungen #2 - Statistiken

Allgemein
  • Dieses Quiz wurde 90 mal gespielt
  • Das Durchschnittsergebnis liegt bei 8 aus 20
Antwortstatistiken
Abkürzung Antwort % Korrekt
e.V. eingetragener Verein
91%
StGB Strafgesetzbuch
82%
dgl. dergleichen
67%
THW Technisches Hilfswerk
67%
u.U. unter Umständen
65%
i.A. im Auftrag
60%
GHz Gigahertz
54%
DLRG Deutsche Lebensrettungsgesellschaft
51%
EDV Elektronische Datenverarbeitung
51%
MESZ Mitteleuropäische Sommerzeit
40%
TÜV Technischer Überwachungsverein
34%
MPU Medizinisch-Psychologische Untersuchung
27%
Abg. Abgeordneter
26%
MRT Magnetresonanztomographie
24%
MdB Mitglied des Bundestags
22%
TAN Transaktionsnummer
12%
ges. gesch. gesetzlich geschützt
7%
PVC Polyvinylchlorid
7%
ISBN Internationale Standardbuchnummer
6%
EnEG Energieeinsparungsgesetz
2%
Keine übereinstimmenden Quizze gefunden
Verteilung der Resultate
Anzahl Personen mit jedem Resultat
Perzentil nach korrekt beantworteten Fragen
Ihre Resultats-Entwicklung
Sie haben dieses Quiz noch nicht gespielt